00375nam a22001217a 4500003000500000005001700005038001800022082001200040100002000052245011500072260003100187700003500218NUST20191021152836.0 aNusrat Nadeem a004 RAB aDilnawaz Rabab  aMS/Thesis:Molecular Modeling Strategies to Probe Stereoselectivity of HIV Protease InhibitorscRabab Dilnawaz aIslamabadbRCMS NUSTc2019 4Dr. Ishrat Jabeen (Supervisor)